000 00819nam a2200229 i 4500
001 54062
003 ES-MaACL
005 20250905063041.0
007 t|
008 031124s2002 sp ||||1| spa d
020 _a84-95543-37-0
080 _a821.134.2 Champourcin, Ernestina 1.07
100 1 _aVillar, Arturo del,
_d1940-
_9115066
245 1 3 _aLa poesía de Ernestina de Champourcin
_b: éstetica, erótica y mística /
_cArturo del Villar.
260 _aCuenca :
_bEl Toro de Barro,
_c2002.
300 _a109 p. ;
_c20 cm.
490 1 _aCrónica de El Toro de Barro ;
_v193
600 1 4 _aChampourcin, Ernestina de,
_d1905-1999-
_xCrítica e interpretación
_937934
830 0 _aCrónica de El Toro de Barro ;
_v193
_9230289
852 _aES-MaACL
_jL-26677
_bR.132231
999 _c54062
_d54062